[Event "Novorossiysk Small Land op"]
[Site "Novorossiysk"]
[Date "2023.07.20"]
[Round "4"]
[White "Kiselev, Pavel"]
[Black "Khantuev, Adam"]
[Result "0-1"]
[WhiteElo "2219"]
[BlackElo "1874"]
[PlyCount "85"]
[EventDate "2023.07.17"]
[EventType "swiss"]
[EventRounds "9"]
[EventCountry "RUS"]
[SourceTitle "CBM 215 Extra"]
[Source "ChessBase"]
[SourceDate "2023.09.30"]
[SourceVersion "1"]
[SourceVersionDate "2023.09.30"]
[SourceQuality "1"]

1. Nf3 Nf6 2. g3 d5 3. Bg2 e6 4. 0-0 Be7 5. c4 dxc4 6. Qa4+ Nbd7 7. Qxc4 c5 8. d4 0-0 9. Rd1 a6 10. dxc5 Bxc5 11. b4 Ba7 12. Nc3 b5 13. Qh4 Bb7 14. Bf4 Rc8 15. Be5 Rc4 16. Qg5 h6 17. Qd2 Qc8 18. Bxf6 Nxf6 19. Ne5 Bxf2+ 20. Kxf2 Rxc3 21. Rac1 Bxg2 22. Kxg2 Qb7+ 23. Nf3 Rxc1 24. Rxc1 Nd5 25. Qd4 Rc8 26. Rc5 Rxc5 27. bxc5 f6 28. e4 Ne7 29. Kf2 Kf7 30. Ke3 Qc7 31. Qc3 Nc6 32. a3 Na5 33. Nd2 Nc4+ 34. Nxc4 Qxc5+ 35. Qd4 Qxd4+ 36. Kxd4 bxc4 37. Kxc4 f5 38. exf5 exf5 39. a4 g5 40. a5 Ke6 41. Kd4 Kd6 42. Kc4 Ke5 43. Kd3 0-1

[Event "Alushta Blitz op"]
[Site "Alushta"]
[Date "2023.07.14"]
[Round "6"]
[White "Khantuev, Adam"]
[Black "Savvopulo, Anatolij"]
[Result "0-1"]
[WhiteElo "1874"]
[BlackElo "2023"]
[PlyCount "88"]
[EventDate "2023.07.14"]
[EventType "swiss (blitz)"]
[EventRounds "13"]
[EventCountry "UKR"]
[SourceTitle "CBM 215 Extra"]
[Source "ChessBase"]
[SourceDate "2023.09.30"]
[SourceVersion "1"]
[SourceVersionDate "2023.09.30"]
[SourceQuality "1"]

1. d4 d5 2. c4 e6 3. Nc3 Nf6 4. Bg5 Be7 5. e3 c6 6. Nf3 0-0 7. Qc2 Nbd7 8. Bd3 dxc4 9. Bxc4 Nd5 10. Bxe7 Qxe7 11. 0-0 a6 12. a3 Nxc3 13. bxc3 e5 14. Qe4 Re8 15. Bd3 g6 16. Bc4 exd4 17. Qxe7 Rxe7 18. cxd4 b5 19. Ba2 c5 20. dxc5 Nxc5 21. Rac1 Be6 22. Bxe6 Nxe6 23. Rc6 Rb7 24. Rfc1 Kg7 25. Ne5 a5 26. Kf1 b4 27. axb4 axb4 28. Ke2 Ra2+ 29. R6c2 Rxc2+ 30. Rxc2 b3 31. Rb2 Nc5 32. Nd3 Na4 33. Rd2 b2 34. Nxb2 Rxb2 35. Rxb2 Nxb2 36. e4 Nc4 37. f4 Kf6 38. Kd3 Nb6 39. Kd4 Ke6 40. g4 f5 41. g5 fxe4 42. Kxe4 Nc8 43. Kf3 Nd6 44. Kg4 Nf5 0-1

[Event "Anapa Sea Harbor op"]
[Site "Anapa"]
[Date "2023.06.07"]
[Round "6"]
[White "Khantuev, Adam"]
[Black "Denishev, Marat"]
[Result "1/2-1/2"]
[WhiteElo "1741"]
[BlackElo "2248"]
[PlyCount "56"]
[EventDate "2023.06.02"]
[EventType "swiss"]
[EventRounds "9"]
[EventCountry "RUS"]
[SourceTitle "CBM 214 Extra"]
[Source "ChessBase"]
[SourceDate "2023.07.31"]
[SourceVersion "1"]
[SourceVersionDate "2023.07.31"]
[SourceQuality "1"]

1. d4 d5 2. c4 e6 3. Nc3 Nf6 4. Bg5 Be7 5. e3 0-0 6. Nf3 a6 7. Qc2 h6 8. Bxf6 Bxf6 9. g4 g6 10. h4 Bg7 11. Ne5 Nd7 12. f4 c5 13. 0-0-0 cxd4 14. exd4 dxc4 15. Kb1 b5 16. Bg2 Rb8 17. Nc6 Qc7 18. Nxb8 Qxb8 19. h5 Qxf4 20. hxg6 fxg6 21. Qxg6 Nf6 22. Ne4 Nxe4 23. Bxe4 Rf6 24. Qe8+ Rf8 25. Qg6 Rf6 26. Qe8+ Rf8 27. Qg6 Rf6 28. Qe8+ Rf8 1/2-1/2

[Event "Gelendzhik Rapid op"]
[Site "Gelendzhik"]
[Date "2023.05.27"]
[Round "1"]
[White "Nesterov, Arseniy"]
[Black "Khantuev, Adam"]
[Result "1-0"]
[WhiteElo "2568"]
[BlackElo "1671"]
[PlyCount "59"]
[EventDate "2023.05.27"]
[EventType "swiss (rapid)"]
[EventRounds "11"]
[EventCountry "RUS"]
[SourceTitle "CBM 214 Extra"]
[Source "ChessBase"]
[SourceDate "2023.07.31"]
[SourceVersion "1"]
[SourceVersionDate "2023.07.31"]
[SourceQuality "1"]

1. Nf3 c5 2. c4 Nc6 3. Nc3 Nf6 4. e3 g6 5. d4 cxd4 6. exd4 d5 7. cxd5 Nxd5 8. Qb3 Nxc3 9. Bc4 e6 10. bxc3 Na5 11. Bb5+ Bd7 12. Qb1 a6 13. Bxd7+ Qxd7 14. 0-0 Nc4 15. Qb3 Qd5 16. Rb1 b5 17. a4 Rb8 18. Re1 Bg7 19. Bf4 Rb7 20. Nd2 Nb6 21. axb5 Qxb3 22. Nxb3 axb5 23. Nc5 Ra7 24. Nxe6 fxe6 25. Rxe6+ Kf7 26. Rxb6 Rc8 27. Bd2 Ra2 28. Be1 Re8 29. R6xb5 Rae2 30. Kf1 1-0

[Event "Barnaul Kura Memorial"]
[Site "Barnaul"]
[Date "2023.02.25"]
[Round "3"]
[White "Fomkin, Dmitry"]
[Black "Khantuev, Adam"]
[Result "1-0"]
[WhiteElo "1992"]
[BlackElo "1588"]
[PlyCount "147"]
[EventDate "2023.02.25"]
[EventType "swiss (rapid)"]
[EventRounds "11"]
[EventCountry "RUS"]
[SourceTitle "CBM 213 Extra"]
[Source "ChessBase"]
[SourceDate "2023.05.31"]
[SourceVersion "1"]
[SourceVersionDate "2023.05.31"]
[SourceQuality "1"]

1. e4 c5 2. Nf3 d6 3. d4 cxd4 4. Nxd4 Nf6 5. Nc3 g6 6. Be3 Bg7 7. f3 0-0 8. Qd2 Nc6 9. g4 Nxd4 10. Bxd4 Be6 11. 0-0-0 Qa5 12. Kb1 Rfc8 13. Nd5 Qxd2 14. Nxf6+ Bxf6 15. Rxd2 Kg7 16. h4 Bxd4 17. Rxd4 Kf6 18. Rb4 Rc7 19. Be2 Rac8 20. c3 b6 21. f4 Bc4 22. g5+ Kg7 23. Bg4 Rb8 24. b3 Bd3+ 25. Kb2 e5 26. f5 a5 27. Ra4 Bb5 28. f6+ Kg8 29. Ra3 h5 30. Bh3 Kf8 31. Rd1 Rd8 32. c4 Bc6 33. Bg2 Ke8 34. Rd2 Rb7 35. Kc3 Kd7 36. c5 bxc5 37. Rxa5 Kc7 38. a3 Rdb8 39. Rb2 Bd7 40. Bf1 Be6 41. Bc4 Bxc4 42. Kxc4 Kd7 43. Kd5 Kc7 44. Ra6 Rb6 45. Ra7+ R8b7 46. Rxb7+ Rxb7 47. b4 cxb4 48. axb4 Rb5+ 49. Kc4 Kc6 50. Rd2 Rb6 51. Rd5 Rb8 52. Ra5 Rb7 53. Ra6+ Kd7 54. b5 Rc7+ 55. Kb4 d5 56. exd5 e4 57. b6 Rc1 58. Ra7+ Kd6 59. Rxf7 Rb1+ 60. Ka5 Ra1+ 61. Kb5 Kxd5 62. Rd7+ Ke6 63. Re7+ Kd5 64. f7 Rf1 65. b7 Rb1+ 66. Ka6 Kc6 67. Re6+ Kc5 68. f8Q+ Kc4 69. Rxe4+ Kd5 70. Rb4 Ra1+ 71. Kb6 Ke6 72. Qf6+ Kd7 73. Rd4+ Ke8 74. Rd8# 1-0

[Event "Gelendzhik op"]
[Site "Gelendzhik"]
[Date "2022.05.25"]
[Round "8"]
[White "Khantuev, Adam"]
[Black "Vasilieva, Aisena"]
[Result "1-0"]
[WhiteElo "1479"]
[BlackElo "1774"]
[PlyCount "85"]
[EventDate "2022.05.18"]
[EventType "swiss"]
[EventRounds "9"]
[EventCountry "RUS"]
[SourceTitle "CBM 208 Extra"]
[Source "ChessBase"]
[SourceDate "2022.07.31"]
[SourceVersion "1"]
[SourceVersionDate "2022.07.31"]
[SourceQuality "1"]

1. d4 d5 2. c4 e6 3. Nc3 Nf6 4. Bg5 Be7 5. e3 Nbd7 6. Nf3 b6 7. cxd5 exd5 8. Bb5 Bb7 9. Ne5 0-0 10. Nc6 Qe8 11. Qf3 h6 12. Bh4 g5 13. Bg3 a6 14. Nxe7+ Qxe7 15. Bxd7 Nxd7 16. h4 Kg7 17. hxg5 hxg5 18. Nxd5 Rh8 19. Kd2 Bxd5 20. Qxd5 c5 21. dxc5 Nxc5 22. Be5+ f6 23. Bd4 Ne4+ 24. Ke2 Rxh1 25. Rxh1 Rc8 26. Rh7+ Kxh7 27. Qf5+ Kg7 28. Qxc8 a5 29. Qc6 b5 30. Qxb5 Qc7 31. Qd3 Qc6 32. b3 g4 33. Qc4 Qb7 34. f3 Ng5 35. e4 gxf3+ 36. gxf3 Qb8 37. Qc6 Qf4 38. Qd7+ Kg6 39. Qf5+ Qxf5 40. exf5+ Kxf5 41. Bb6 Kf4 42. Bc7+ Kf5 43. Bxa5 1-0

[Event "Khanty-Mansiysk Governor Cup 16th"]
[Site "Khanty-Mansiysk"]
[Date "2020.12.08"]
[Round "9"]
[White "Khantuev, Adam"]
[Black "Rezvyi, Dmitri"]
[Result "0-1"]
[WhiteElo "1558"]
[BlackElo "1626"]
[PlyCount "108"]
[EventDate "2020.11.30"]
[EventType "swiss"]
[EventRounds "9"]
[EventCountry "RUS"]
[SourceTitle "CBM 199 Extra"]
[Source "ChessBase"]
[SourceDate "2021.01.31"]
[SourceVersion "1"]
[SourceVersionDate "2021.01.31"]
[SourceQuality "1"]

1. d4 Nf6 2. c4 e6 3. g3 d5 4. Bg2 Bb4+ 5. Bd2 Bxd2+ 6. Nxd2 0-0 7. Ngf3 b6 8. 0-0 Nbd7 9. Rc1 c5 10. cxd5 exd5 11. dxc5 bxc5 12. Nb3 Qb6 13. Qc2 c4 14. Nbd4 Ba6 15. Rfd1 Rab8 16. Rb1 Nc5 17. Nf5 Rfe8 18. N3d4 Ne6 19. Qc3 Nxd4 20. Nxd4 Ne4 21. Bxe4 Rxe4 22. e3 Qf6 23. Qa5 Re5 24. Qa4 Rc8 25. Rbc1 Qb6 26. Rd2 Bb7 27. Rc3 h5 28. Qb5 Qc7 29. Ra3 a6 30. Qb4 g6 31. Rc2 h4 32. Qc3 hxg3 33. fxg3 Rce8 34. Re2 Qb6 35. Qd2 Bc8 36. Kg2 Bf5 37. Nxf5 Rxf5 38. Rf2 Rfe5 39. Qd4 Qe6 40. Rf3 Re4 41. Qa7 Re7 42. Qa8+ Kg7 43. Rxa6 Qe5 44. Ra7 Qxb2+ 45. Kh3 g5 46. g4 Rxe3 47. Ra3 c3 48. Qxd5 Rxf3+ 49. Qxf3 Qxa3 50. Qd3 Qc5 51. Kg2 c2 52. Qd2 c1R 53. Qb2+ f6 54. Qf2 Rc2 0-1

[Event "Khanty-Mansiysk Governor Cup 16th"]
[Site "Khanty-Mansiysk"]
[Date "2020.12.04"]
[Round "5"]
[White "Khantuev, Adam"]
[Black "Fedorov, Semen K"]
[Result "1-0"]
[WhiteElo "1558"]
[BlackElo "1309"]
[PlyCount "51"]
[EventDate "2020.11.30"]
[EventType "swiss"]
[EventRounds "9"]
[EventCountry "RUS"]
[SourceTitle "CBM 199 Extra"]
[Source "ChessBase"]
[SourceDate "2021.01.31"]
[SourceVersion "1"]
[SourceVersionDate "2021.01.31"]
[SourceQuality "1"]

1. c4 Nf6 2. Nc3 e6 3. d4 Bb4 4. Bd2 0-0 5. e3 b6 6. Be2 Bb7 7. Bf3 d5 8. Nge2 Nbd7 9. cxd5 exd5 10. 0-0 c5 11. a3 Bxc3 12. Nxc3 Re8 13. Re1 Ne4 14. Nxe4 dxe4 15. Be2 Qg5 16. Bc3 Rad8 17. Qa4 a5 18. Rad1 Qg6 19. Bb5 cxd4 20. Bxd7 Re5 21. Rxd4 Rg5 22. g3 h5 23. Bf5 Qxf5 24. Rxd8+ Kh7 25. Qe8 Kg6 26. Red1 1-0

[Event "Khanty-Mansiysk Governor Cup 16th"]
[Site "Khanty-Mansiysk"]
[Date "2020.12.01"]
[Round "2"]
[White "Khantuev, Adam"]
[Black "Obgolts, Erik"]
[Result "0-1"]
[WhiteElo "1558"]
[BlackElo "2371"]
[PlyCount "156"]
[EventDate "2020.11.30"]
[EventType "swiss"]
[EventRounds "9"]
[EventCountry "RUS"]
[SourceTitle "CBM 199 Extra"]
[Source "ChessBase"]
[SourceDate "2021.01.31"]
[SourceVersion "1"]
[SourceVersionDate "2021.01.31"]
[SourceQuality "1"]

1. d4 Nf6 2. c4 c5 3. Nf3 cxd4 4. Nxd4 g6 5. Nc3 Bg7 6. e4 d6 7. Be2 0-0 8. 0-0 Nc6 9. Be3 Bd7 10. f3 Ne8 11. Qd2 f5 12. Nd5 e6 13. Nc3 Nxd4 14. Bxd4 Bc6 15. Be3 Qa5 16. c5 dxc5 17. Bc4 Nc7 18. Qd6 Rfd8 19. Qxc5 Qxc5 20. Bxc5 b6 21. Bf2 fxe4 22. fxe4 b5 23. Bb3 Bxc3 24. bxc3 Bxe4 25. Rae1 Bf5 26. Bg3 Nd5 27. Rxf5 gxf5 28. Rxe6 Rac8 29. Rd6 Rxd6 30. Bxd6 Rc4 31. Bxc4 bxc4 32. Be5 Kf7 33. Kf2 Ke6 34. Bd4 f4 35. Kf3 Kf5 36. a4 a6 37. g4+ fxg3 38. hxg3 h5 39. Bg7 Ne7 40. Bd4 Nc6 41. Bg7 Nd8 42. Bh8 Nf7 43. Bg7 Ng5+ 44. Kg2 Kg4 45. Bd4 Ne4 46. Be5 Nc5 47. a5 Ne4 48. Kh2 Nd2 49. Kg2 Ne4 50. Kh2 h4 51. gxh4 Kxh4 52. Kg2 Kg4 53. Bd4 Kf4 54. Kf1 Ng3+ 55. Ke1 Nf5 56. Bb6 Ke4 57. Kd2 Kd5 58. Kc2 Kc6 59. Kd2 Kb5 60. Ke2 Ka4 61. Kf3 Nd6 62. Ke3 Nb5 63. Ke4 Kb3 64. Kd5 Nxc3+ 65. Kc6 Kb4 66. Bd4 Na4 67. Kd5 c3 68. Be3 Nb2 69. Kd4 Nc4 70. Bf4 Nxa5 71. Kd3 Kb3 72. Be5 c2 73. Bf4 Nc4 74. Bc1 a5 75. Kd4 a4 76. Kd3 a3 77. Bxa3 Nxa3 78. Kd2 Kb2 0-1